| 000 | 00547nam a2200205 i 4500 | ||
|---|---|---|---|
| 001 | bg | ||
| 245 | 0 |
_aNarzędzia tokarskie / _cSandvik Coromant. |
|
| 260 |
_aWarszawa : _bSandvik Polska, _c2000. |
||
| 300 |
_awiele liczb. ; _c30 cm. |
||
| 490 | 1 | _aNarzędzia Skrawające | |
| 650 | 9 |
_aTokarstwo _xnarzędzia i maszyny |
|
| 655 | _aInformatory | ||
| 710 | 0 | _aSandvik Coromant | |
| 830 | _aNarzędzia Skrawające | ||
| 040 | _cBPK | ||
| 041 | 0 | _apl | |
| 080 | _a621.941(085.2) | ||
| 942 | _cKA | ||
| 008 | s pl f |000 0 pol | ||
| 999 |
_c24318 _d24318 |
||
| 856 |
_uhttp://koha.tu.koszalin.pl/cgi-bin/koha/opac-detail.pl?biblionumber=24318 _yKatalog online BPK |
||